Cars Movie Quiz - Statistics

General Stats
  • This quiz has been taken 4,647 times
  • The average score is 14 of 25
Answer Stats
Hint Answer % Correct
Lightning McQueen's number 95
96%
Annual racing series that McQueen is trying to win Piston Cup
89%
Tow truck that will eventually become McQueen's best friend. Mater
80%
Name of McQueen's loyal truck and mode of transportation. Mack
78%
Type of car that Luigi and Guido obsess over. Ferrari
72%
Name of the town McQueen travels to where he accidently destroys the main road. Radiator Springs
72%
Owner of the Cozy Cone Motel that McQueen becomes attracted to. Sally
72%
Oil/gas company that McQueen wishes he was sponsored by. Dinoco
71%
Grumpy old former racecar who sentences McQueen to fix the road. Doc Hudson
70%
McQueen's current sponsor Rust-eze
69%
"Turn right to go _____." left
63%
Green, dirty racer that hopes to derail McQueen. Chick Hicks
58%
At the end of the movie, McQueen's best friend finally gets to ride in one of these vehicles like he always wanted to. Helicopter
57%
Nickname of Strip Weathers, a blue car that suffers a devastating crash during the tiebreaker race. The King
54%
"Racecars don't need headlights because the track is always _____." lit
48%
Name of the machine McQueen uses to fix the road. Bessie
45%
Flo's husband who is a master of paint jobs. Ramone
44%
Name of McQueen's "world's best agent" who is only ever heard through a phone. Harv
40%
Lame nickname the above uses in an attempt to copy McQueen. Thunder
37%
"One winner, _____ losers, I eat losers for breakfast." 42
35%
"This grumpy old race car I know once told me something, 'It's just an _____ _____.'" empty cup
35%
Activity that the above convinces McQueen to participate in. Tractor Tipping
32%
Name of Flo's restaurant. V8 Cafe
22%
Leader of the gang cars DJ, Wingo, and Snot Rod, who indirectly cause McQueen to become stranded. Boost
20%
"Fly away, _____, be free!" Stanley
20%
No matching quizzes found
Score Distribution
Percent of People with Each Score
Percentile by Number Answered
Your Score History
You have not taken this quiz